000 00684nam a2200229 a 4500
001 12224
003 CO-ViMGA
008 141112s2004 ck r 000 u spa d
020 _a9688807591
040 _aCO-ViMGA
_bspa
_cCO-ViMGA
082 0 4 _a658.827 C14c
100 1 _aAaker, David
_917364
245 1 0 _aEl exito de tu producto esta en la marca
260 _aMexico,
_cPrentice Hall,
_c1996
300 _a379 p. + 1 disk
590 _aPrecio : 40.000 - - Fecha de adquisición : Ag. 23, 2000
650 1 4 _aIMAGEN Y DISEÑO CORPORATIVO
_917365
650 1 4 _aMARCAS DE EMPRESAS
_917366
650 1 4 _aMARCAS DE FABRICA
_98188
650 1 4 _aPROPIEDAD INDUSTRIAL
942 _2ddc
_cBK
999 _c23238
_d23238